Southville International School and Colleges
Your cart is empty.
  • Cart
  • Lists
    Public lists Eva Luna New books Lux_list list_1
    Your lists Log in to create your own lists
  • Log in to your account
  • Your cookies
  • Search history
Southville International School and Colleges
  • Advanced search
  • Recent comments
  • Most popular
  • Libraries

Log in to your account

Log in with GOOGLE


If you do not have an external account, but do have a local account, you can still log in:

  1. Home
  2. MARC view: International business /
Normal view MARC view ISBD view

International business / (Record no. 48327)

[ view plain ]
MARC details
000 -LEADER
fixed length control field 00638nam a2200193Ia 4500
003 - CONTROL NUMBER IDENTIFIER
control field PILC
005 - DATE AND TIME OF LATEST TRANSACTION
control field 20160330121308.0
008 - FIXED-LENGTH DATA ELEMENTS--GENERAL INFORMATION
fixed length control field 140321s9999 xx 000 0 und d
020 ## - INTERNATIONAL STANDARD BOOK NUMBER
International Standard Book Number 9781121889897
050 ## - LIBRARY OF CONGRESS CALL NUMBER
Classification number HD 62.4
Item number .H55 2013
100 ## - MAIN ENTRY--PERSONAL NAME
Personal name Hill, Charles W. L.
245 ## - TITLE STATEMENT
Title International business /
Statement of responsibility, etc Charles W. L. Hill, Chow-Hou Wee and Krishna Udayasanker.
260 ## - PUBLICATION, DISTRIBUTION, ETC. (IMPRINT)
Place of publication, distribution, etc Philippines :
Name of publisher, distributor, etc McGraw-Hill,
Date of publication, distribution, etc 2013.
300 ## - PHYSICAL DESCRIPTION
Extent 320 pages :
Other physical details illustrations ;
Dimensions 26 cm.
500 ## - GENERAL NOTE
General note Includes bibliographical references and index.
650 ## - SUBJECT ADDED ENTRY--TOPICAL TERM
Topical term or geographic name as entry element International business enterprises
General subdivision Management.
942 ## - ADDED ENTRY ELEMENTS (KOHA)
Call number prefix Foreign
Koha item type Books
Source of classification or shelving scheme Library of Congress Classification
Holdings
Withdrawn status Lost status Damaged status Home library Current library Shelving location Date acquired Total Checkouts Total Renewals Full call number Barcode Date last seen Date checked out Price effective from Koha item type Source of classification or shelving scheme Source of acquisition Cost, normal purchase price Sub Shelving location
      College Library College Library Reserve Section 03/21/2014 3 10 HD 62.4 .H55 2013 C17610 05/20/2022 05/19/2022 03/21/2014 Books        
      College Library College Library Reserve Section 03/30/2016     HD 62.4 .H55 2013 C20518 03/30/2016   03/30/2016 Books Library of Congress Classification Library Fund 445.00  

International business /

APA

Hill C. W. L., . (2013). International business. Philippines: McGraw-Hill.

Chicago

Hill Charles W L, . 2013. International business. Philippines: McGraw-Hill.

Harvard

Hill C. W. L., . (2013). International business. Philippines: McGraw-Hill.

MLA

Hill Charles W L, . International business. Philippines: McGraw-Hill. 2013.

  • Place hold
  • Print
  • Cite
  • Add to your cart (remove)
  • Save record
    BIBTEX Dublin Core MARCXML MARC (non-Unicode/MARC-8) MARC (Unicode/UTF-8) MARC (Unicode/UTF-8, Standard) MODS (XML) RIS
  • More searches
    Search for this title in:
    Other Libraries (WorldCat) Other Databases (Google Scholar) Online Stores (Bookfinder.com) Open Library (openlibrary.org)

Exporting to Dublin Core...

SOUTHVILLE LIBRARY

Southville International School and Colleges Library

1281 Tropical Ave. Cor. Luxembourg St., BF Homes International, Las Pinas City

Tel. No. 8256374 / 252358 Loc. 117/146

Powered by Koha